00603nam a22001812 4500001001100000005001700011008004100028020001700069040001500086100004300101245008100144250001300225260005300238300001800291650005300309650005600362852000300418000001295220151217152118.0090513s xx 000 0 eng d a0131198165 : aKABUcKABU1 aPfeiffer, William Sanborn.@000016998010aTechnical communication :ba practical approach /cWilliam Sanborn Pfeiffer. a6th ed. aUpper Saddle River, NJ. :bPrentice Hall,c2006. axxiv, 689 p. 0aEnglish languagexTechnical English.@0000152071 0aCommunication of technical information.@00001699811